[Event "Karl Mala Memorial op-B 16th"]
[Site "Frankfurt"]
[Date "2013.07.12"]
[Round "3"]
[White "Grunwald, Eva"]
[Black "Viol, Julius"]
[Result "0-1"]
[WhiteElo "997"]
[BlackElo "1201"]
[PlyCount "72"]
[EventDate "2013.07.11"]
[EventType "swiss"]
[EventRounds "7"]
[EventCountry "GER"]
[SourceTitle "CBM 155 Extra"]
[Source "ChessBase"]
[SourceDate "2013.08.26"]
[SourceVersion "1"]
[SourceVersionDate "2013.08.26"]
[SourceQuality "1"]

1. c4 b6 2. d4 Bb7 3. Nc3 e6 4. e3 d5 5. Nf3 Nf6 6. a3 Bd6 7. Bd3 0-0 8. 0-0 Ne4 9. Qc2 Nxc3 10. Qxc3 dxc4 11. Bxc4 Bxf3 12. gxf3 Qg5+ 13. Kh1 Qh4 14. f4 Nd7 15. b4 Nf6 16. Qc2 Rac8 17. Bb2 Kh8 18. Rg1 Rg8 19. Rg2 g5 20. d5 gxf4 21. Bxf6+ Qxf6 22. Rag1 Rxg2 23. Rxg2 f3 24. Rg1 Rg8 25. Rxg8+ Kxg8 26. Qc1 Kf8 27. dxe6 fxe6 28. Bd3 h6 29. Be4 Qe5 30. Qg1 Qxe4 31. Qa1 Qg6 32. Qg1 Qxg1+ 33. Kxg1 c5 34. bxc5 Bxc5 35. a4 a5 36. Kf1 Bb4 0-1